000 00504nam a2200169Ia 4500
999 _c36612
_d36612
003 OSt
005 20201211113412.0
008 190216s9999||||xx |||||||||||||| ||und||
040 _coclc
082 _a364.630941
_bDAY/S
100 _aDay, Peter R
_97381
245 0 _aSocial Work And Social Control /
_cPeter R Day
260 _bTavistock Publications,
_c1981.
_aLondon:
300 _a243p
650 _aSocial Groups
942 _cREF
_2ddc
_h364.630941
_iDAY/S
_k364.630941
_mDAY/S